Immigration and Neighborhood Crime: The Moderating Influence of City Labor Instability

Gespeichert in:  
Bibliographische Detailangaben
1. VerfasserIn: Chen, Xuanying (Verfasst von)
Medienart: Elektronisch Buch
Sprache:Englisch
Veröffentlicht: [Erscheinungsort nicht ermittelbar] University of Maryland 2020
In:Jahr: 2020
Online-Zugang: Volltext (lizenzpflichtig)
Verfügbarkeit prüfen: HBZ Gateway
Subito Bestelldienst: Jetzt bestellen.

MARC

LEADER 00000cam a22000002c 4500
001 1912581256
003 DE-627
005 20250113054954.0
007 cr uuu---uuuuu
008 241217s2020 xx |||||o 00| ||eng c
035 |a (DE-627)1912581256 
035 |a (DE-599)KXP1912581256 
040 |a DE-627  |b ger  |c DE-627  |e rda 
041 |a eng 
084 |a 2,1  |2 ssgn 
100 1 |a Chen, Xuanying  |e VerfasserIn  |4 aut 
245 1 0 |a Immigration and Neighborhood Crime: The Moderating Influence of City Labor Instability 
264 1 |a [Erscheinungsort nicht ermittelbar]  |b University of Maryland  |c 2020 
336 |a Text  |b txt  |2 rdacontent 
337 |a Computermedien  |b c  |2 rdamedia 
338 |a Online-Ressource  |b cr  |2 rdacarrier 
787 0 8 |i Forschungsdaten  |a Peterson, Ruth D.  |t National Neighborhood Crime Study (NNCS), 2000  |d [Erscheinungsort nicht ermittelbar] : [Verlag nicht ermittelbar], 2010  |w (DE-627)1840053585 
856 4 0 |u https://drum.lib.umd.edu/handle/1903/26152  |x Verlag  |z lizenzpflichtig  |3 Volltext  |7 1 
935 |a mkri 
951 |a BO 
ELC |a 1 
LOK |0 000 xxxxxcx a22 zn 4500 
LOK |0 001 4637546753 
LOK |0 003 DE-627 
LOK |0 004 1912581256 
LOK |0 005 20241217044547 
LOK |0 008 241217||||||||||||||||ger||||||| 
LOK |0 035   |a (DE-2619)ICPSR150665 
LOK |0 040   |a DE-2619  |c DE-627  |d DE-2619 
LOK |0 092   |o n 
LOK |0 852   |a DE-2619 
LOK |0 852 1  |9 00 
LOK |0 935   |a nacp 
LOK |0 939   |a 17-12-24  |b l01 
ORI |a SA-MARC-krimdoka001.raw